[Miscellaneous printed matter] (Record no. 91116)

MARC details
000 -LEADER
fixed length control field 00481cam a22001693 4500
001 - CONTROL NUMBER
control field tmp96007588
003 - CONTROL NUMBER IDENTIFIER
control field DLC
005 - DATE AND TIME OF LATEST TRANSACTION
control field 20260227112754.0
008 - FIXED-LENGTH DATA ELEMENTS--GENERAL INFORMATION
fixed length control field 061013i18981916mnu 000 0 eng
010 ## - LIBRARY OF CONGRESS CONTROL NUMBER
LC control number tmp96007588
040 ## - CATALOGING SOURCE
Original cataloging agency DLC
Transcribing agency DLC
Modifying agency DLC
050 00 - LIBRARY OF CONGRESS CALL NUMBER
Classification number E462.2
Item number .M49
110 2# - MAIN ENTRY--CORPORATE NAME
Corporate name or jurisdiction name as entry element Military Order of the Loyal Legion of the United States.
Subordinate unit Minnesota Commandery.
245 00 - TITLE STATEMENT
Title [Miscellaneous printed matter]
260 ## - PUBLICATION, DISTRIBUTION, ETC.
Place of publication, distribution, etc. [St. Paul? Minn.,
Date of publication, distribution, etc. 1898-1916]
300 ## - PHYSICAL DESCRIPTION
Extent v.
Dimensions 22 cm

No items available.

Powered by Koha